Statistics for Highest Grossing Movies

Click here to take the quiz!

General Stats

  • This quiz has been taken 45,501 times
    (14,512 since last reset)
  • The average score is 19 of 41

Answer Stats

YearBil $Movie% Correct
20192.79Avengers: Endgame
92%
20182.05Avengers: Infinity War
90%
19972.19Titanic
88%
20092.79Avatar
88%
20151.41Avengers: Age of Ultron
87%
20121.52The Avengers
86%
20152.07Star Wars: The Force Awakens
72%
20181.33Star Wars: The Last Jedi
72%
19991.03Star Wars: Episode I - The Phantom Menace
71%
20161.06Rogue One: A Star Wars Story
71%
20191.04Spider-Man: Far from Home
68%
20131.21Iron Man 3
67%
20121.08The Dark Knight Rises
66%
20081.00The Dark Knight
66%
20161.15Captain America: Civil War
55%
20101.07Toy Story 3
53%
20111.34Harry Potter and the
Deathly Hallows Part 2
51%
20181.35Black Panther
46%
20121.02The Hobbit: An Unexpected Journey
44%
20031.12The Lord of the Rings: The
Return of the King
43%
20131.28Frozen
43%
19931.03Jurassic Park
39%
20151.67Jurassic World
39%
20181.31Jurassic World: Fallen Kingdom
39%
20151.52Furious 7
37%
20171.24The Fate of the Furious
35%
20121.11Skyfall
29%
20191.13Captain Marvel
28%
20111.12Transformers: Dark of the Moon
25%
20141.11Transformers: Age of Extinction
25%
20181.24Incredibles 2
23%
20151.16Minions
22%
20171.03Despicable Me 3
22%
20161.03Finding Dory
22%
20061.07Pirates of the Caribbean: Dead Man's Chest
21%
20111.05Pirates of the Caribbean: On Stranger Tides
21%
20181.15Aquaman
19%
20171.26Beauty and the Beast
18%
20191.01Aladdin
17%
20161.02Zootopia
10%
20101.03Alice in Wonderland
9%

Score Distribution

Percentile by Number Answered

Percent of People with Each Score

Your Score History

You have not taken this quiz since the last reset